Improving the business environment in Latvia <the> impact of FIAS assistance

Salvato in:
Dettagli Bibliografici
Autore principale: Liepina, Sanda
Altri autori: Coolidge, Jacqueline, Grava, Lars
Natura: Libro
Lingua:inglese
Pubblicazione: Washington, D.C. The World Bank 2008
Serie:FIAS occasional papers occasional paper 18
Soggetti:
Tags: Aggiungi Tag
Nessun Tag, puoi essere il primo ad aggiungerne!!

MARC

LEADER 00000nam$a2200000$$$4500
001 0072252
005 20240313135339.9
020 |a 978-0-8213-7189-3 
041 0 |a eng 
044 |a US 
245 1 0 |a Improving the business environment in Latvia  |b <the> impact of FIAS assistance  |c Sanda Liepina, Jacqueline Coolidge, Lars Grava 
264 1 |a Washington, D.C.  |b The World Bank  |c 2008 
300 |a 92 s. 
490 1 |a FIAS occasional papers  |v occasional paper 18 
830 0 |a FIAS occasional papers  |v occasional paper 18 
610 2 0 |a podnikanie 
610 2 0 |a prostredie podnikateľské 
610 2 0 |a programy rozvojové 
610 2 0 |a projekty 
610 2 0 |a investovanie 
610 2 0 |a investície 
610 2 0 |a bariéry investičné 
610 2 0 |a rast hospodársky 
610 2 0 |a redukcia chudoby 
610 2 0 |a sektor súkromný 
610 2 0 |a zamestnanosť 
610 2 0 |a úroveň životná 
610 2 0 |a administratíva 
610 2 0 |a Lotyšsko 
100 1 |a Liepina, Sanda 
700 1 |a Coolidge, Jacqueline 
700 1 |a Grava, Lars